00521cam a2200181 4500001000800000005001700008008004100025010001700066040001800083041001100101080001400112082001400126100000700140101000800147240002300155245009700178504006400275405626320180115074205.0700729s1956 nyu b 001 0 eng  a 56008813  aDLCcDLCdDLC1 aengfre a189.4 GIL00a189.4 GIL1 a24 aFIL10aThomisme.lEnglish14aThe Christian philosophy of St. Thomas Aquinas.cby I.T. Eschmann. Translated by L.K. Shook. aBibliographical references included in "Notes" (p. 440-493)